| 000 | 00547nam a2200205Ia 4500 | ||
|---|---|---|---|
| 008 | 230125s9999 xx 000 0 und d | ||
| 020 | _a9789351160090 | ||
| 041 | _aeng | ||
| 082 |
_a920.72 _bKOM |
||
| 100 |
_aKom M _9118026 |
||
| 245 | _aUnbreakable: An Autobiography | ||
| 260 |
_c2013 _bHarper Collins Publishers _aNoida,Up |
||
| 300 | _a155p | ||
| 440 | _v1 | ||
| 500 | _aBiography;Biography-Women;Literature;Mary Kom; | ||
| 650 | _aBiography-Women | ||
| 700 |
_aKom M & Serto D _9118027 |
||
| 906 | _b29 | ||
| 999 |
_c96003 _d96003 |
||